[Event "GER-ch Seniors 65 31st"]
[Site "Radebeul"]
[Date "2019.05.03"]
[Round "8"]
[White "Glasewald, Stefan"]
[Black "Kanibalotzka, Yeyzaveta Elisabet"]
[Result "1-0"]
[WhiteElo "2018"]
[BlackElo "1794"]
[PlyCount "81"]
[EventDate "2019.04.26"]
[EventType "swiss"]
[EventRounds "9"]
[EventCountry "GER"]
[SourceTitle "CBM 190 Extra"]
[Source "ChessBase"]
[SourceDate "2019.07.15"]
[SourceVersion "1"]
[SourceVersionDate "2019.07.15"]
[SourceQuality "1"]

1. d4 Nf6 2. Nc3 d6 3. e4 g6 4. Be2 Bg7 5. Be3 c6 6. h4 Qa5 7. Qd2 b5 8. f3 a6 9. Nb1 Qxd2+ 10. Nxd2 Nbd7 11. Nh3 c5 12. c3 Bb7 13. Nb3 Rc8 14. a4 bxa4 15. Rxa4 Nb6 16. Ra1 cxd4 17. Bxd4 Nc4 18. Bxc4 Rxc4 19. Na5 Rc7 20. Nxb7 Rxb7 21. b4 e5 22. Be3 d5 23. Nf2 d4 24. cxd4 exd4 25. Bd2 Rb6 26. Nd3 Nd7 27. Ra5 Nb8 28. Ke2 0-0 29. Rha1 Re8 30. Bf4 f5 31. e5 Rb5 32. Rxb5 axb5 33. Ra5 Nd7 34. Rxb5 Kf7 35. Rd5 Nf8 36. Rxd4 Ne6 37. Rd7+ Kg8 38. Bd2 f4 39. Rd5 Bf6 40. exf6 Nd4+ 41. Kd1 1-0

[Event "GER-ch Seniors 65 31st"]
[Site "Radebeul"]
[Date "2019.04.29"]
[Round "4"]
[White "Kreutzkamp, Hans Rudolf"]
[Black "Kanibalotzka, Yeyzaveta Elisabet"]
[Result "1/2-1/2"]
[WhiteElo "2068"]
[BlackElo "1794"]
[PlyCount "93"]
[EventDate "2019.04.26"]
[EventType "swiss"]
[EventRounds "9"]
[EventCountry "GER"]
[SourceTitle "CBM 190 Extra"]
[Source "ChessBase"]
[SourceDate "2019.07.15"]
[SourceVersion "1"]
[SourceVersionDate "2019.07.15"]
[SourceQuality "1"]

1. e4 d6 2. d4 Nf6 3. Bd3 e5 4. d5 Be7 5. c4 Na6 6. Nc3 Nc5 7. Bc2 a5 8. h3 b6 9. Nge2 Bd7 10. b3 h6 11. Ng3 Nh7 12. Be3 Bg5 13. Qd2 Bxe3 14. Qxe3 Nf6 15. f4 exf4 16. Qxf4 Qe7 17. 0-0 Qe5 18. Qxe5+ dxe5 19. a3 Nb7 20. b4 0-0 21. Kf2 g6 22. Ke3 Kg7 23. Ba4 Bxa4 24. Nxa4 Nd7 25. Kd3 axb4 26. axb4 Rxa4 27. Rxa4 Nbc5+ 28. bxc5 Nxc5+ 29. Kc3 Nxa4+ 30. Kb4 Nc5 31. Kb5 Ra8 32. Kc6 Ra7 33. Rb1 Kf8 34. d6 cxd6 35. Kxd6 Nd7 36. Nf1 Nc5 37. Rxb6 Nxe4+ 38. Kxe5 Re7+ 39. Kd4 Ng5 40. Rb8+ Kg7 41. c5 Ne6+ 42. Kc4 Nxc5 43. Kxc5 Re1 44. Nh2 Re2 45. Nf3 Rxg2 46. Kd4 Rg3 47. Ke4 1/2-1/2

[Event "Sachsen-ch Seniors op 25th"]
[Site "Dresden"]
[Date "2017.10.05"]
[Round "1"]
[White "Kanibalotzka, Yeyzaveta Elisabet"]
[Black "Bodach, Hans"]
[Result "1/2-1/2"]
[WhiteElo "1867"]
[BlackElo "2183"]
[PlyCount "90"]
[EventDate "2017.10.05"]
[EventType "swiss"]
[EventRounds "9"]
[EventCountry "GER"]
[SourceTitle "EXT 2019"]
[Source "ChessBase"]
[SourceDate "2018.10.10"]
[SourceVersion "1"]
[SourceVersionDate "2018.10.10"]
[SourceQuality "1"]

1. d4 Nf6 2. c4 e6 3. Nf3 b6 4. a3 Bb7 5. Nc3 Be7 6. Qc2 d5 7. cxd5 exd5 8. e3 0-0 9. Bd3 Nbd7 10. 0-0 c5 11. Ne5 Bd6 12. Nxd7 Qxd7 13. Bf5 Qe7 14. Bd2 g6 15. Bh3 Bc8 16. Bxc8 Raxc8 17. Qd1 Rfd8 18. Qf3 Bb8 19. g3 Ne4 20. Nxe4 dxe4 21. Qe2 cxd4 22. exd4 Rxd4 23. Bc3 Rdc4 24. Rad1 Be5 25. Bb4 Qe6 26. Rd2 a5 27. Bc3 Bxc3 28. bxc3 Rxc3 29. a4 Qc6 30. Rfd1 Rc1 31. Rxc1 Qxc1+ 32. Rd1 Qc4 33. Rd8+ Kg7 34. Qb2+ Qc3 35. Qxb6 Rxd8 36. Qxd8 Qa1+ 37. Kg2 Qxa4 38. Qd5 Qa1 39. Qxe4 a4 40. h4 a3 41. h5 Qc1 42. Qd4+ Kh6 43. hxg6 Qc6+ 44. Kh2 Kxg6 45. Qd3+ Kg7 1/2-1/2

[Event "Sachsen-ch Seniors op"]
[Site "Dresden"]
[Date "2016.11.08"]
[Round "9"]
[White "Kanibalotzka, Yeyzaveta Elisabet"]
[Black "Kahn, Peter"]
[Result "0-1"]
[WhiteElo "1839"]
[BlackElo "2069"]
[PlyCount "44"]
[EventDate "2016.10.31"]
[EventType "swiss"]
[EventRounds "9"]
[EventCountry "GER"]
[SourceTitle "EXT 2019"]
[Source "ChessBase"]
[SourceDate "2018.10.10"]
[SourceVersion "1"]
[SourceVersionDate "2018.10.10"]
[SourceQuality "1"]

1. f4 d5 2. Nf3 Nf6 3. e3 Bg4 4. Bb5+ c6 5. Be2 Nbd7 6. 0-0 Bxf3 7. Bxf3 e5 8. fxe5 Nxe5 9. d3 Bd6 10. Nc3 Qc7 11. g3 0-0-0 12. Bd2 h5 13. Be1 Neg4 14. Bf2 Rhe8 15. Qd2 h4 16. Bxg4+ Nxg4 17. Kg2 Nxh2 18. Kxh2 hxg3+ 19. Bxg3 Bxg3+ 20. Kg2 Re6 21. Rf3 Rg6 22. Rh1 Be1+ 0-1

[Event "Sachsen-ch Seniors op"]
[Site "Dresden"]
[Date "2016.11.05"]
[Round "6"]
[White "Brettschneider, Karl"]
[Black "Kanibalotzka, Yeyzaveta Elisabet"]
[Result "0-1"]
[WhiteElo "2063"]
[BlackElo "1839"]
[PlyCount "86"]
[EventDate "2016.10.31"]
[EventType "swiss"]
[EventRounds "9"]
[EventCountry "GER"]
[SourceTitle "EXT 2019"]
[Source "ChessBase"]
[SourceDate "2018.10.10"]
[SourceVersion "1"]
[SourceVersionDate "2018.10.10"]
[SourceQuality "1"]

1. c4 c5 2. Nc3 Nc6 3. g3 g6 4. Bg2 Bg7 5. e3 e5 6. Nge2 Nge7 7. 0-0 0-0 8. d3 d6 9. b3 Rb8 10. Bb2 a6 11. a4 Bf5 12. e4 Bd7 13. f4 Qc8 14. Qd2 Nd4 15. Nxd4 exd4 16. Nd5 Nxd5 17. cxd5 a5 18. Qxa5 b5 19. Qd2 bxa4 20. bxa4 Rb4 21. a5 Qb8 22. Ra2 Rb3 23. Rfa1 Bb5 24. Bf1 Ba6 25. Rd1 Qb5 26. Bc1 Rb8 27. Qc2 Bf6 28. Bd2 Qb7 29. Be1 Qd7 30. Rc1 Be7 31. Qd2 R8b5 32. Rcc2 Qb7 33. Qg2 Rb1 34. Qd2 R5b3 35. Kf2 Qb8 36. Be2 Bf6 37. Bf1 h6 38. Be2 Kg7 39. Bf1 g5 40. Be2 Qb7 41. Bf1 gxf4 42. Kg2 f3+ 43. Kxf3 Bg5 0-1

[Event "Sachsen-ch Seniors op"]
[Site "Dresden"]
[Date "2016.10.31"]
[Round "1"]
[White "Kanibalotzka, Yeyzaveta Elisabet"]
[Black "Fitzner, Hans"]
[Result "1-0"]
[WhiteElo "1839"]
[BlackElo "1334"]
[PlyCount "75"]
[EventDate "2016.10.31"]
[EventType "swiss"]
[EventRounds "9"]
[EventCountry "GER"]
[SourceTitle "EXT 2019"]
[Source "ChessBase"]
[SourceDate "2018.10.10"]
[SourceVersion "1"]
[SourceVersionDate "2018.10.10"]
[SourceQuality "1"]

1. d4 Nf6 2. Nf3 d5 3. g3 Bf5 4. Bg2 Nbd7 5. 0-0 e6 6. Nbd2 Be7 7. c4 b6 8. cxd5 exd5 9. Ne5 Nxe5 10. dxe5 Ne4 11. Nxe4 dxe4 12. Qc2 0-0 13. Bxe4 Bxe4 14. Qxe4 Qc8 15. Be3 Qe6 16. Qc2 Qxe5 17. Bf4 Qb5 18. Rad1 c5 19. Bd6 Rfe8 20. Bxe7 Rxe7 21. e3 Rf8 22. Rd2 Rd7 23. Rxd7 Qxd7 24. Rd1 Qe7 25. Qd3 f5 26. b3 h6 27. Qd5+ Qf7 28. Qc6 Kh7 29. Rd7 Qg6 30. Qxg6+ Kxg6 31. Rxa7 Rd8 32. Ra6 Rd6 33. a4 Kf6 34. a5 Rd3 35. Rxb6+ Ke5 36. Kg2 Kd5 37. a6 Ke4 38. a7 1-0

[Event "Dresden ZMD op"]
[Site "Dresden"]
[Date "2008.07.19"]
[Round "1"]
[White "Kanibalotzka, Yeyzaveta Elisabet"]
[Black "Heinig, Wolfram"]
[Result "0-1"]
[WhiteElo "1851"]
[BlackElo "2332"]
[PlyCount "96"]
[EventDate "2008.07.19"]
[EventType "swiss"]
[EventRounds "9"]
[EventCountry "GER"]
[SourceTitle "CBM 125 Extra"]
[Source "ChessBase"]
[SourceDate "2008.09.01"]
[SourceVersion "1"]
[SourceVersionDate "2008.09.01"]
[SourceQuality "1"]

1. c4 g6 2. Nf3 Bg7 3. d4 d6 4. h3 Nf6 5. g3 0-0 6. Bg2 Nbd7 7. Nc3 e5 8. dxe5 dxe5 9. 0-0 Re8 10. e4 c6 11. Be3 Qe7 12. Qc2 Nc5 13. Nd2 Ne6 14. Rad1 h5 15. Nf3 Nh7 16. h4 Nef8 17. Ng5 Nxg5 18. Bxg5 Qb4 19. b3 Ne6 20. Be3 Bf8 21. Ne2 a5 22. Bd2 Qb6 23. Be3 Bc5 24. Bxc5 Nxc5 25. Qc3 Bg4 26. Qe3 a4 27. Rb1 axb3 28. Rxb3 Qa5 29. Rb2 Qa3 30. Qxa3 Rxa3 31. Rc1 Nd3 32. Rcb1 Nxb2 33. Rxb2 Bxe2 34. Rxe2 Rea8 35. Rb2 R8a7 36. Kf1 Rxa2 37. Rb6 Rd2 38. Rb1 Kf8 39. Bh3 Rd4 40. Bc8 Rxe4 41. Bxb7 Rxc4 42. Rb2 Ke7 43. Bc8 Rc1+ 44. Kg2 c5 45. Kf3 c4 46. Rb5 Kd6 47. Bb7 Ra3+ 48. Kg2 Rb3 0-1

[Event "EU-chT Seniors 10th"]
[Site "Dresden"]
[Date "2008.02.17"]
[Round "7.1"]
[White "Kanibalotzka, Yeyzaveta Elisabet"]
[Black "Perman, Torvald"]
[Result "0-1"]
[WhiteElo "1856"]
[BlackElo "2092"]
[PlyCount "76"]
[EventDate "2008.02.11"]
[EventType "team-swiss"]
[EventRounds "9"]
[EventCountry "GER"]
[SourceTitle "CBM 122 Extra"]
[Source "ChessBase"]
[SourceDate "2008.03.04"]
[SourceVersion "1"]
[SourceVersionDate "2008.03.04"]
[SourceQuality "1"]
[WhiteTeam "Dresden Seniors"]
[BlackTeam "Finland (Seniors) II"]
[WhiteTeamCountry "GER"]
[BlackTeamCountry "FIN"]

1. Nf3 c5 2. g3 g6 3. Bg2 Bg7 4. 0-0 Nc6 5. d3 d5 6. c3 e5 7. e4 Nge7 8. Re1 0-0 9. Nbd2 h6 10. Nf1 Be6 11. h3 Qd7 12. Kh2 Rad8 13. Bd2 f5 14. Qe2 dxe4 15. dxe4 Qd3 16. Qxd3 Rxd3 17. exf5 gxf5 18. Re3 Rfd8 19. Rxd3 Rxd3 20. Be3 b6 21. Re1 Bxa2 22. Ra1 Be6 23. Ne1 Rd7 24. Kg1 Nd5 25. Bc1 e4 26. Ne3 Nxe3 27. Bxe3 Ne5 28. f4 Nc4 29. Bc1 a5 30. Nc2 Rd1+ 31. Kh2 a4 32. g4 a3 33. gxf5 Bxf5 34. Nxa3 Nxa3 35. bxa3 Bxc3 36. Rb1 Bd2 37. Rxb6 Rxc1 38. Rf6 Bxf4# 0-1

[Event "EU-chT Seniors 10th"]
[Site "Dresden"]
[Date "2008.02.16"]
[Round "6.1"]
[White "Haug, Kjell Martin"]
[Black "Kanibalotzka, Yeyzaveta Elisabet"]
[Result "1-0"]
[WhiteElo "1958"]
[BlackElo "1856"]
[PlyCount "51"]
[EventDate "2008.02.11"]
[EventType "team-swiss"]
[EventRounds "9"]
[EventCountry "GER"]
[SourceTitle "CBM 122 Extra"]
[Source "ChessBase"]
[SourceDate "2008.03.04"]
[SourceVersion "1"]
[SourceVersionDate "2008.03.04"]
[SourceQuality "1"]
[WhiteTeam "Mecklenburg Vorpommern"]
[BlackTeam "Dresden Seniors"]
[WhiteTeamCountry "GER"]
[BlackTeamCountry "GER"]

1. d4 Nf6 2. c4 c5 3. Nc3 cxd4 4. Qxd4 Nc6 5. Qd1 e5 6. e3 Bb4 7. Bd2 Bxc3 8. Bxc3 Ne4 9. Qc2 Nxc3 10. Qxc3 0-0 11. Nf3 Qe7 12. a3 d6 13. h3 Be6 14. Be2 h6 15. 0-0 Rac8 16. Rad1 Qc7 17. Rc1 Rfd8 18. b4 Ne7 19. Qb2 Qb6 20. Qa1 f6 21. Rfe1 Rc7 22. Nd2 a6 23. Ne4 Qa7 24. c5 d5 25. Red1 Qb8 26. Nd6 1-0

[Event "EU-chT Seniors 10th"]
[Site "Dresden"]
[Date "2008.02.15"]
[Round "5.1"]
[White "Kanibalotzka, Yeyzaveta Elisabet"]
[Black "Wibe, Per H"]
[Result "1-0"]
[WhiteElo "1856"]
[BlackElo "1791"]
[PlyCount "129"]
[EventDate "2008.02.11"]
[EventType "team-swiss"]
[EventRounds "9"]
[EventCountry "GER"]
[SourceTitle "CBM 122 Extra"]
[Source "ChessBase"]
[SourceDate "2008.03.04"]
[SourceVersion "1"]
[SourceVersionDate "2008.03.04"]
[SourceQuality "1"]
[WhiteTeam "Dresden Seniors"]
[BlackTeam "Norway V"]
[WhiteTeamCountry "GER"]
[BlackTeamCountry "NOR"]

1. Nf3 Nf6 2. g3 g6 3. Bg2 Bg7 4. 0-0 0-0 5. d3 d5 6. Nbd2 c5 7. c3 Nc6 8. e4 e5 9. exd5 Nxd5 10. Re1 Rb8 11. Ne4 b6 12. a3 h6 13. c4 Nde7 14. Qc2 f5 15. Nc3 g5 16. Nd5 Ng6 17. Qd1 g4 18. Nd2 Nd4 19. Nb3 Ne6 20. Bd2 h5 21. Bc3 f4 22. Be4 Ne7 23. h4 Nf5 24. Bxf5 Rxf5 25. Nd2 Bb7 26. Qb3 Qf8 27. Rf1 Rd8 28. a4 Qf7 29. a5 Nd4 30. Bxd4 exd4 31. axb6 a6 32. Rae1 Bxd5 33. cxd5 Rdxd5 34. b7 Rd8 35. b8Q Rxb8 36. Qxb8+ Kh7 37. Ne4 Be5 38. Qc8 Kg7 39. Ng5 Qg6 40. Rxe5 Rxe5 41. Qc7+ Kf6 42. Qd6+ Kf5 43. Qf8+ Qf6 44. Qxf6+ Kxf6 45. Ra1 Re2 46. Rxa6+ Kf5 47. gxf4 Rxb2 48. Ne6 g3 49. fxg3 Kg4 50. Nxc5 Kxg3 51. Rg6+ Kxf4 52. Rg2 Rb1+ 53. Kh2 Rc1 54. Ne6+ Ke3 55. Rg3+ Kf2 56. Nxd4 Rh1+ 57. Kxh1 Kxg3 58. Nb3 Kxh4 59. Kh2 Kg4 60. d4 Kf5 61. Kg3 Kg5 62. Kh3 h4 63. Nd2 Kf5 64. Kxh4 Ke6 65. Kg4 1-0

[Event "GER-ch Seniors Gp-B 18th"]
[Site "Dresden"]
[Date "2006.07.24"]
[Round "3"]
[White "Garms, Ilse"]
[Black "Kanibalotzka, Yeyzaveta Elisabet"]
[Result "1/2-1/2"]
[WhiteElo "1532"]
[BlackElo "1698"]
[PlyCount "49"]
[EventDate "2006.07.22"]
[EventType "swiss"]
[EventRounds "9"]
[EventCountry "GER"]
[SourceTitle "EXT 2022"]
[Source "ChessBase"]
[SourceDate "2021.10.06"]
[SourceVersion "1"]
[SourceVersionDate "2021.10.06"]
[SourceQuality "1"]

1. e4 c5 2. Nf3 d6 3. g3 Nf6 4. Nc3 Nc6 5. d3 e6 6. Be3 Be7 7. Bg2 a6 8. a4 Ng4 9. Bd2 Nge5 10. Nxe5 dxe5 11. 0-0 0-0 12. f4 exf4 13. Bxf4 e5 14. Be3 Nd4 15. Nd5 Bg5 16. c3 Bxe3+ 17. Nxe3 Qg5 18. Nc4 Bg4 19. Qb1 Ne2+ 20. Kf2 b5 21. axb5 axb5 22. Rxa8 Rxa8 23. Ne3 Nf4 24. Nxg4 Nxg2 25. Nxe5 1/2-1/2

[Event "EU-chT Seniors 07th"]
[Site "Dresden"]
[Date "2005.02.24"]
[Round "7"]
[White "Dorsch, Baptist"]
[Black "Kanibalotzka, Yeyzaveta Elisabet"]
[Result "1/2-1/2"]
[WhiteElo "1691"]
[BlackElo "1669"]
[PlyCount "97"]
[EventDate "2005.02.18"]
[EventType "team-swiss"]
[EventRounds "8"]
[EventCountry "GER"]
[SourceTitle "EXT 2006"]
[Source "ChessBase"]
[SourceDate "2005.11.24"]
[SourceVersion "1"]
[SourceVersionDate "2005.11.24"]
[SourceQuality "1"]

1. d4 Nf6 2. Nf3 g6 3. Bf4 Bg7 4. e3 d6 5. Bd3 0-0 6. Nbd2 Nbd7 7. c3 c6 8. Qc2 Qc7 9. Bg3 Re8 10. Rd1 e5 11. dxe5 dxe5 12. 0-0 Nh5 13. Bc4 b5 14. Be2 Nxg3 15. fxg3 Qb6 16. Ne4 Qxe3+ 17. Kh1 Nc5 18. Nxc5 Qxc5 19. Ng5 Be6 20. Nxe6 Rxe6 21. Rd7 Rf6 22. Bf3 Qe3 23. Qd1 Rf8 24. Re1 Qc5 25. h3 h6 26. Re2 a5 27. Red2 Qc4 28. a3 a4 29. R2d6 Rxd6 30. Rxd6 Rc8 31. Be2 Qc5 32. Rd7 e4 33. Rxf7 Qd5 34. Qxd5 cxd5 35. Rd7 Rc5 36. Rb7 d4 37. cxd4 Bxd4 38. Kh2 Bxb2 39. Bxb5 Bxa3 40. Bxa4 Re5 41. Rb1 e3 42. Bb3+ Kg7 43. Bc4 Bc5 44. Be2 Kf6 45. g4 Re7 46. Kg3 Ke5 47. Rf1 Ra7 48. h4 Ra2 49. Kf3 1/2-1/2

[Event "EU-chT Seniors 07th"]
[Site "Dresden"]
[Date "2005.02.20"]
[Round "3"]
[White "Kanibalotzka, Yeyzaveta Elisabet"]
[Black "Haug, Kjell Martin"]
[Result "0-1"]
[WhiteElo "1669"]
[BlackElo "1985"]
[PlyCount "86"]
[EventDate "2005.02.18"]
[EventType "team-swiss"]
[EventRounds "8"]
[EventCountry "GER"]
[SourceTitle "EXT 2006"]
[Source "ChessBase"]
[SourceDate "2005.11.24"]
[SourceVersion "1"]
[SourceVersionDate "2005.11.24"]
[SourceQuality "1"]

1. Nf3 Nf6 2. g3 g6 3. Bg2 Bg7 4. 0-0 0-0 5. d3 d6 6. e4 e5 7. Nbd2 Bd7 8. Re1 Qc8 9. Nc4 Nc6 10. c3 Re8 11. Ne3 Ne7 12. Qc2 Rb8 13. a4 Nh5 14. Bd2 Kh8 15. h4 Rf8 16. Qc1 b6 17. b4 a6 18. a5 b5 19. Nf1 Ng8 20. Ne3 c6 21. Rb1 f5 22. exf5 gxf5 23. Bh3 f4 24. Bxd7 Qxd7 25. gxf4 Rxf4 26. Ng5 Rbf8 27. Qd1 Ngf6 28. Ng2 Rf5 29. Be3 Qe8 30. c4 h6 31. Ne4 Nxe4 32. dxe4 R5f6 33. cxb5 cxb5 34. Rc1 Nf4 35. Bxf4 exf4 36. Qf3 Rg6 37. Kf1 Be5 38. Ke2 Rfg8 39. Qh5 Qf7 40. Kf1 f3 41. Rc2 Kh7 42. Rec1 Qf4 43. Rc7+ Kh8 0-1